[Event "Budapest Art Pub Cup 7th"]
[Site "Budapest"]
[Date "2015.03.15"]
[Round "5"]
[White "Veress, Gaspar"]
[Black "Laza, Szabolcs"]
[Result "0-1"]
[WhiteElo "1826"]
[BlackElo "2145"]
[PlyCount "128"]
[EventDate "2015.03.13"]
[EventType "swiss"]
[EventRounds "6"]
[EventCountry "HUN"]
[SourceTitle "CBM 165 Extra"]
[Source "ChessBase"]
[SourceDate "2015.04.21"]
[SourceVersion "1"]
[SourceVersionDate "2015.04.21"]
[SourceQuality "1"]

1. d4 d5 2. c4 c6 3. Nf3 Nf6 4. g3 e6 5. Qc2 Bd6 6. Bg2 0-0 7. 0-0 Nbd7 8. Nbd2 Qe7 9. e4 dxe4 10. Nxe4 Nxe4 11. Qxe4 Nf6 12. Qc2 Bd7 13. Re1 Rac8 14. b3 Rfe8 15. Bb2 Qd8 16. Nd2 Qc7 17. Ne4 Be7 18. Rac1 h6 19. Red1 Nxe4 20. Bxe4 Bg5 21. f4 Bf6 22. Bf3 Qb6 23. Kg2 Red8 24. Bc3 Be8 25. Qb2 Rd7 26. d5 Bxc3 27. Rxc3 cxd5 28. Rcd3 Rdc7 29. Qd4 Qxd4 30. Rxd4 dxc4 31. bxc4 b6 32. Be2 Kf8 33. g4 Rc5 34. R1d2 Ke7 35. Kg3 R8c7 36. h4 Rd7 37. a3 Ra5 38. Rxd7+ Bxd7 39. Rd3 f6 40. Bf3 Rc5 41. Rd4 Ra5 42. Rd3 Rc5 43. Rd4 Ba4 44. Be2 Bb3 45. Re4 Rc6 46. Kf2 Rd6 47. Re3 Ba4 48. Rc3 Rd2 49. Ke3 Rc2 50. Rxc2 Bxc2 51. Kd4 Kd6 52. Bf3 e5+ 53. fxe5+ fxe5+ 54. Kc3 Ba4 55. g5 Bc6 56. Bh5 Bd7 57. Bg6 Be6 58. Be8 Kc5 59. gxh6 gxh6 60. Bb5 e4 61. Ba6 e3 62. Kd3 e2 63. Kxe2 Bxc4+ 64. Bxc4 Kxc4 0-1